Football: Les 211 pays membres de la FIFA - Statistiques

Statistiques générales
  • Ce quiz a été pris 3 918 fois
    2 843 depuis la dernière actualisation
  • Le résultat moyen est 107 sur 211
Statistiques - réponses
Association Pays % Correct
UEFA (Europe) France
93%
UEFA (Europe) Espagne
87%
UEFA (Europe) Allemagne
86%
AFC (Asie) Chine
85%
AFC (Asie) Japon
85%
CAF (Afrique) Algérie
84%
CONMEBOL (Amérique du sud) Argentine
84%
UEFA (Europe) Portugal
84%
UEFA (Europe) Russie
84%
CONMEBOL (Amérique du sud) Brésil
83%
UEFA (Europe) Angleterre
82%
CONCACAF (Amérique du nord, centrale et Caraïbes) Etats-unis
82%
CAF (Afrique) Maroc
82%
CONCACAF (Amérique du nord, centrale et Caraïbes) Canada
81%
UEFA (Europe) Belgique
80%
UEFA (Europe) Irlande
79%
UEFA (Europe) Italie
79%
AFC (Asie) Australie
78%
UEFA (Europe) Suède
76%
AFC (Asie) Corée du sud
75%
CONCACAF (Amérique du nord, centrale et Caraïbes) Mexique
75%
CAF (Afrique) Afrique du sud
74%
UEFA (Europe) Norvège
74%
UEFA (Europe) Pays-bas
74%
UEFA (Europe) Suisse
74%
UEFA (Europe) Finlande
73%
CAF (Afrique) Tunisie
73%
UEFA (Europe) Danemark
72%
UEFA (Europe) Pologne
72%
UEFA (Europe) Ukraine
72%
UEFA (Europe) Albanie
71%
CONMEBOL (Amérique du sud) Chili
71%
CONMEBOL (Amérique du sud) Colombie
71%
AFC (Asie) Corée du nord
71%
UEFA (Europe) Luxembourg
71%
CAF (Afrique) Sénégal
71%
UEFA (Europe) Turquie
71%
UEFA (Europe) Croatie
70%
UEFA (Europe) Ecosse
70%
UEFA (Europe) Islande
70%
CONMEBOL (Amérique du sud) Uruguay
70%
UEFA (Europe) Autriche
69%
CAF (Afrique) Congo
69%
CAF (Afrique) Egypte
69%
AFC (Asie) Inde
69%
CAF (Afrique) RD Congo
69%
UEFA (Europe) Andorre
68%
AFC (Asie) Arabie Saoudite
68%
UEFA (Europe) Estonie
67%
UEFA (Europe) Grèce
67%
UEFA (Europe) Lituanie
67%
OFC (Océanie) Nouvelle-Zélande
66%
CAF (Afrique) Cameroun
65%
UEFA (Europe) Hongrie
65%
AFC (Asie) Qatar
65%
UEFA (Europe) Slovaquie
65%
AFC (Asie) Iran
64%
UEFA (Europe) Lettonie
64%
UEFA (Europe) Pays de Galles
64%
CONMEBOL (Amérique du sud) Pérou
64%
UEFA (Europe) Saint-Marin
64%
UEFA (Europe) Roumanie
63%
UEFA (Europe) Slovénie
63%
UEFA (Europe) Biélorussie
62%
UEFA (Europe) Serbie
62%
UEFA (Europe) Bulgarie
61%
CONMEBOL (Amérique du sud) Equateur
61%
UEFA (Europe) Irlande du nord
61%
CAF (Afrique) Niger
61%
CONMEBOL (Amérique du sud) Paraguay
61%
CONMEBOL (Amérique du sud) Bolivie
60%
CAF (Afrique) Côte d'Ivoire
60%
AFC (Asie) Irak
60%
CONMEBOL (Amérique du sud) Venezuela
60%
CAF (Afrique) Angola
59%
UEFA (Europe) Arménie
59%
CONCACAF (Amérique du nord, centrale et Caraïbes) Costa Rica
59%
UEFA (Europe) Israël
59%
CAF (Afrique) Mali
59%
CONCACAF (Amérique du nord, centrale et Caraïbes) Cuba
57%
CAF (Afrique) Nigeria
57%
UEFA (Europe) République Tchèque
57%
AFC (Asie) Afghanistan
56%
UEFA (Europe) Malte
56%
UEFA (Europe) Bosnie-Herzégovine
55%
UEFA (Europe) Chypre
55%
CAF (Afrique) Guinée
55%
CONCACAF (Amérique du nord, centrale et Caraïbes) Honduras
55%
AFC (Asie) Indonésie
55%
CAF (Afrique) Madagascar
55%
CONCACAF (Amérique du nord, centrale et Caraïbes) Panama
55%
CAF (Afrique) Zimbabwe
55%
UEFA (Europe) Géorgie
54%
AFC (Asie) Mongolie
54%
AFC (Asie) Pakistan
54%
CAF (Afrique) Ghana
53%
CONCACAF (Amérique du nord, centrale et Caraïbes) Jamaïque
53%
UEFA (Europe) Macédoine
53%
AFC (Asie) Viêt Nam
53%
CAF (Afrique) Zambie
53%
UEFA (Europe) Kosovo
52%
CAF (Afrique) Libye
52%
UEFA (Europe) Moldavie
52%
UEFA (Europe) Monténégro
52%
CAF (Afrique) Soudan
51%
AFC (Asie) Thaïlande
51%
AFC (Asie) Liban
49%
CAF (Afrique) Togo
49%
AFC (Asie) Yémen
49%
CONCACAF (Amérique du nord, centrale et Caraïbes) Haïti
48%
AFC (Asie) Ouzbékistan
48%
AFC (Asie) Syrie
48%
UEFA (Europe) Azerbaïdjan
47%
CAF (Afrique) Ethiopie
47%
CAF (Afrique) Gabon
47%
AFC (Asie) Jordanie
47%
CAF (Afrique) Mauritanie
47%
CAF (Afrique) Somalie
47%
OFC (Océanie) Fidji
46%
UEFA (Europe) Kazakhstan
46%
CAF (Afrique) Kenya
46%
UEFA (Europe) Liechtenstein
46%
UEFA (Europe) Gibraltar
45%
AFC (Asie) Laos
45%
AFC (Asie) Cambodge
44%
CAF (Afrique) Cap-vert
44%
AFC (Asie) Oman
44%
AFC (Asie) Turkménistan
44%
CAF (Afrique) Bénin
43%
CONCACAF (Amérique du nord, centrale et Caraïbes) Guatemala
43%
AFC (Asie) Népal
43%
CONCACAF (Amérique du nord, centrale et Caraïbes) Suriname
43%
AFC (Asie) Bangladesh
42%
CAF (Afrique) Guinée Equatoriale
42%
CONCACAF (Amérique du nord, centrale et Caraïbes) Guyana
42%
CAF (Afrique) Namibie
42%
CONCACAF (Amérique du nord, centrale et Caraïbes) Nicaragua
42%
CAF (Afrique) Soudan du sud
42%
CAF (Afrique) Comores
41%
CAF (Afrique) Guinée-Bissau
41%
AFC (Asie) Koweït
41%
CAF (Afrique) Liberia
41%
AFC (Asie) Malaisie
41%
AFC (Asie) Palestine
41%
CAF (Afrique) Tanzanie
41%
CAF (Afrique) Tchad
41%
CAF (Afrique) Botswana
40%
CAF (Afrique) Lesotho
40%
AFC (Asie) Myanmar
40%
CAF (Afrique) Rwanda
40%
CONCACAF (Amérique du nord, centrale et Caraïbes) Salvador
40%
CAF (Afrique) Burkina Faso
39%
CAF (Afrique) Gambie
39%
CONCACAF (Amérique du nord, centrale et Caraïbes) Bahamas
38%
CONCACAF (Amérique du nord, centrale et Caraïbes) Belize
38%
CAF (Afrique) Djibouti
38%
CAF (Afrique) Erythrée
38%
CAF (Afrique) Mozambique
38%
CONCACAF (Amérique du nord, centrale et Caraïbes) République Dominicaine
38%
AFC (Asie) Singapour
38%
AFC (Asie) Sri Lanka
38%
AFC (Asie) Tadjikistan
38%
AFC (Asie) Taïwan
38%
CONCACAF (Amérique du nord, centrale et Caraïbes) Antigua-et-Barbuda
37%
AFC (Asie) Bahreïn
37%
AFC (Asie) Emirats Arabes Unis
37%
CAF (Afrique) Ouganda
37%
CAF (Afrique) République Centrafricaine
37%
CAF (Afrique) Eswatini
35%
CAF (Afrique) Seychelles
35%
OFC (Océanie) Tonga
35%
CONCACAF (Amérique du nord, centrale et Caraïbes) Barbade
34%
CAF (Afrique) Burundi
34%
CONCACAF (Amérique du nord, centrale et Caraïbes) Dominique
34%
CONCACAF (Amérique du nord, centrale et Caraïbes) Trinité-et-Tobago
34%
CAF (Afrique) Malawi
33%
AFC (Asie) Maldives
33%
CAF (Afrique) Maurice
33%
AFC (Asie) Philippines
33%
OFC (Océanie) Samoa
33%
CAF (Afrique) Sierra Leone
33%
AFC (Asie) Bhoutan
32%
AFC (Asie) Brunei
32%
UEFA (Europe) Iles Féroé
32%
OFC (Océanie) Papouasie Nouvelle-Guinée
31%
OFC (Océanie) Vanuatu
31%
CONCACAF (Amérique du nord, centrale et Caraïbes) Grenade
30%
CONCACAF (Amérique du nord, centrale et Caraïbes) Sainte-Lucie
30%
CONCACAF (Amérique du nord, centrale et Caraïbes) Saint-Vincent-et-les-Grenadines
30%
AFC (Asie) Kirghizistan
29%
CAF (Afrique) Sao Tomé-et-Principe
28%
OFC (Océanie) Iles Salomon
26%
CONCACAF (Amérique du nord, centrale et Caraïbes) Saint-Kitts-et-Nevis
26%
AFC (Asie) Timor Oriental
25%
AFC (Asie) Hong Kong
24%
OFC (Océanie) Nouvelle-Calédonie
20%
OFC (Océanie) Tahiti
19%
CONCACAF (Amérique du nord, centrale et Caraïbes) Porto Rico
18%
CONCACAF (Amérique du nord, centrale et Caraïbes) Curacao
16%
CONCACAF (Amérique du nord, centrale et Caraïbes) Aruba
14%
CONCACAF (Amérique du nord, centrale et Caraïbes) Bermudes
14%
OFC (Océanie) Iles Cook
13%
AFC (Asie) Macao
12%
CONCACAF (Amérique du nord, centrale et Caraïbes) Anguilla
11%
AFC (Asie) Guam
11%
CONCACAF (Amérique du nord, centrale et Caraïbes) Iles Vierges Américaines
10%
CONCACAF (Amérique du nord, centrale et Caraïbes) Iles Vierges Britanniques
9%
OFC (Océanie) Samoa Américaines
9%
CONCACAF (Amérique du nord, centrale et Caraïbes) Iles Caïmans
8%
CONCACAF (Amérique du nord, centrale et Caraïbes) Montserrat
8%
CONCACAF (Amérique du nord, centrale et Caraïbes) Turks et Caicos
3%
Aucun quiz correspondant
Distribution des résultats
% des personnes avec chaque résultat
Percentile par nombre de réponses
Votre historique - résultats
Vous n’avez pas pris ce quiz depuis la dernière actualisation